000 00507nam a2200169Ia 4500
008 090711s9999 xx 000 0 und d
082 _b1463
100 _aजोशी विमल वा.
245 _aअबोल झाली सतार
260 _c1999
300 _a78
600 _aजोशी विमल वा.
630 _aअबोल झाली सतार
700 _aजोशी विमल वा.
730 _aअबोल झाली सतार
942 _cBOOK
999 _c336444
_d336444